عرض عادي
عرض مارك
- Higson, Gordon R.,
مدخل إسم شخص
001 - رقم الضبط
- حقل الضبط: 5040
003 - معرف رقم الضبط
- حقل الضبط: OSt
005 - تاريخ ووقت أخر عملية
- حقل الضبط: 20110929015304.0
008 - عناصر بيانات ثابتة الطول
- حقل تحكم ثابت الطول: 110929|||a|||||| | ||| d
040 ## - مصدر الفهرسة
- هيئة الفهرسة الأصلية: OSt
- وكالة الكتابة: OSt
100 ## - مدخل -- أسم شخص
- إسم شخص: Higson, Gordon R.,
- تواريخ مرتبطة بالاسم: 1932-2001.
670 ## - بيانات المصدر موجوده
- الاستشهاد بالمصدر: Work cat.: (OSt)865: Higson, Gordon R., 1932-2001., Medical device safety, c2002.
